| 000 | 01159cam a2200253 4500 | ||
|---|---|---|---|
| 001 | ##L129397 | ||
| 008 | 050415n2006 000 0 eng u | ||
| 020 | _a0199280045 | ||
| 035 | _a(Sirsi) u129397 | ||
| 041 | 0 | _aeng | |
| 050 | 0 | 4 | _a690.026 $2 18 |
| 100 | 1 | _aDavis, Michael | |
| 245 | 0 | 0 |
_aTechnology and Construction Court _bpractice and procedure |
| 260 |
_aOxford _bOxford University Press _c2006 |
||
| 300 |
_alvii, 567p. _c25cm. |
||
| 350 | _a125 | ||
| 505 | 1 | _aAn introduction to the Technology and Construction Court -- The Civil Procedure Rules -- Pre-action behaviour, the Practice Direction and the Pre-action Protocols -- The Court's case management powers -- Alternative duspute resolution -- Arbitration -- The proceedings -- Adjudication -- Costs | |
| 520 | _aOffers guidance for law practitioners and others on the background to and procedures of the Technology and Construction Court. Includes tables of cases, tables of legislation and a list of law reports. | ||
| 590 | _aIKA190906 | ||
| 651 | 4 |
_aEngland and Wales _y1543- |
|
| 690 | _aBUILT ENVIRONMENT-CONSTRUCTION MANAGEMENT | ||
| 700 | 1 | _aAkenhead, Robert | |
| 942 | _n0 | ||
| 999 |
_c104174 _d104174 |
||